000 00690nam a22001697a 4500
999 _c14981
_d14981
003 OSt
082 _2631.56 ANE/DE
088 _aP 203
100 _aANEESA E
_aHRIDYA HARIDAS
_aSURYA SURENDRAN
_93611
245 _aDevelopment and quality evaluation of ready to eat food from speciality rice and nendran banana
260 _a50
500 _aDevelopment and quality evaluation of ready to eat food from speciality rice and nendran banana
520 _aDevelopment and quality evaluation of ready to eat food from speciality rice and nendran banana
700 _aDr. K.P Sudheer (Guide)
_93362
856 _uhttps://drive.google.com/open?id=1CEZoDfkwfuFFaOKwg8xIEzsVoxLBcTDO
942 _cPR